Can You Name all the SUNY Colleges in New York's System? - Statistics

General Stats
  • This quiz has been taken 58 times
  • The average score is 13 of 27
Answer Stats
College % Correct
Buffalo
92%
Binghamton
88%
Albany
83%
Oswego
79%
Oneonta
73%
Cortland
71%
Geneseo
71%
Stony Brook
71%
Plattsburgh
69%
Fredonia
54%
New Paltz
54%
Purchase
50%
Brockport
48%
Farmingdale
42%
Potsdam
42%
Delhi
40%
Old Westbury
35%
Alfred
31%
Canton
31%
Cobleskill
31%
Morrisville
23%
Maritime
19%
Adirondack
17%
Empire
17%
Polytechnic
17%
Downstate
13%
Upstate Medical
8%
No matching quizzes found
Score Distribution
Percent of People with Each Score
Percentile by Number Answered
Your Score History
You have not taken this quiz